Meditaciones bíblicas sobre la eucaristía /

Kaydedildi:
Detaylı Bibliyografya
Yazar: Schökel, Luis Alonso (autor)
Materyal Türü: Kitap
Dil:İspanyolca
Baskı/Yayın Bilgisi: Santander, España : Sal Terrae, 1986, c1986
Etiketler: Etiketle
Etiket eklenmemiş, İlk siz ekleyin!

MARC

LEADER 00000nam^a2200000^a^4500
001 000576081
005 20250521000000.0
009 20260310132421.484
020 |a 84-293-0961-6 
037 |a Acervo Xavier Clavigero 
041 |a ESP 
091 |a FIP. 00186 
100 |a Schökel, Luis Alonso  |e (autor) 
245 1 0 |a Meditaciones bíblicas sobre la eucaristía / 
264 4 |a Santander, España :  |b Sal Terrae,  |c 1986, c1986 
300 |a 151 p. 
336 |a texto  |b txt  |2 rdacontenido 
337 |a sin mediación  |b n  |2 rdamedio 
338 |a volumen  |b nc  |2 rdasoporte 
649 |a XX 
910 |a Fondo Manuel Ignacio Pérez Alonso S.J. 
920 |a Impresos - Libros 
930 |a Fondos Especiales 
905 |a 140 
901 |a 0500404244  |b IT2  |c ESP  |i D  |u 20250521 
902 |a https://opac.biblio.iteso.mx/vufind/Record/000576081